Integrácia zdravotne postihnutých detí

Bibliographic Details
Main Author: Ormandyová, Miroslava (Author)
Format: Article
Language:Slovak
Subjects:

MARC

LEADER 00000nab a2200000 a 4500
001 vtls001504347
003 SK-MaSNL
005 20260304145313.0
008 250505s1997 xo 000 0 slo
035 |a SPKCL6674 
035 |a (urnnbn)urn:nbn:sk:snk:ar-a07m3f 
035 |a (uuid)bc8d0cf6-9d78-4232-95ad-45c827646878 
035 |a urn:nbn:sk:snk-ab8a40 
040 |a SNKBUCL  |b slo  |c SNKBUCL  |e AACR2 
041 0 |a slo 
044 |a xo  |c SK 
080 |a 376.24:376:301.173  |2 1981 
100 1 |a Ormandyová, Miroslava  |4 aut  |9 811129 
245 1 0 |a Integrácia zdravotne postihnutých detí  |c Miroslava Ormandyová 
650 0 7 |a zdravotne postihnuté deti  |2 snkbucl  |9 1075 
650 0 7 |a integrácia zdravotne postihnutých detí  |2 snkbucl  |9 1467906 
650 0 7 |a individuálne vzdelávacie programy  |2 snkbucl  |9 71689 
773 0 |t Efeta - otvor sa  |g Roč. 7, č. 4 (1997), s. 16-17 
850 |a Slovenská národná knižnica 
852 |a Slovenská národná knižnica 
954 |a odborná, vedecká literatúra pôvodná (slovenská)  |2 lita 
958 |a article9 
958 |a OND 
958 |a EUIPO 
999 |c 2935126  |d 2937056